000 00626nam a2200217 i 4500
001 147032
003 ES-MaACL
005 20230906201757.0
007 t|
008 070920s1959 sp ||||1| spa d
080 _a621.397.5.049
080 _a621.397.62
100 1 _aDarkness, R. J.
_942731
245 1 0 _aManual de circuitos de televisión /
_cR.J. de Darkness [seud.].
250 _a1ª ed.
260 _aBarcelona :
_bBruguera,
_c1959.
300 _a223 p. :
_bil. ;
_c19 cm.
650 1 4 _aTelevisión-
_xCircuitos.
_917440
650 1 4 _aTelevisión-
_xReceptores.
_917450
852 _aES-MaACL
_jC-18017
_bR.46169
999 _c147032
_d147032